000 00350nam a22001337a 4500
040 _cNUST
082 _a629.2293
_bDEN
100 _aDenton, Tom
_964787
245 _aElectric and Hybrid Vehicles /
_cTom Denton
260 _aOxon :
_bRoutledge ,
_c2024.
300 _a246p; ,
_bPaperback,
_c24cm.
700 _aPells, Hayley
_9127911
942 _2ddc
_cBK
999 _c612925
_d612925